000
00320nam a2200109Ia 4500
008
171211s9999 xx 000 0 und d
245
_a
Endangered Species: A Documentary and Reference Guide
245
_c
Edward P. Weber
260
_c
2016
650
_x
ANIMALS
856
_u
http://down.ebook777.com/054/9781440836565.pdf
999
_c
348461
_d
348461